| 000 | 00412nam a22001457a 4500 | ||
|---|---|---|---|
| 999 |
_c8125 _d8125 |
||
| 003 | OSt | ||
| 005 | 20200804161056.0 | ||
| 008 | 200804b ||||| |||| 00| 0 eng d | ||
| 020 | _a9789535101345 | ||
| 082 |
_a551.22 _bDAM |
||
| 110 | _aD'Amico, Sebastiano [Editor] | ||
| 245 | _aEarthquake research and analysis : statistical studies, observations and planning | ||
| 260 |
_aCroatia _bIntech _c2014 |
||
| 942 | _2ddc | ||